00432nam a2200169 4500003001100000005001700011008004100028020001500069040003900084041000800123082001300131100002100144245002600165260004200191300000900233650002000242LK-CoMWRAF20230826225146.0230826b2001 |||||||| |||| 00| 0 eng d a0618094997 aLK-CoMWRAFdLK-CoMWRAFeLK-CoMWRAF aeng a823bROU aRougeau, Rémy  aAll we know of heaven aBoston : bHoughton Mifflin Co.c2001 a226p aEnglish Fiction